| 000 | 01437nam0a2200361 4500 | ||
|---|---|---|---|
| 001 | RU\NLR\bibl\1069304 | ||
| 005 | 20250615042921.0 | ||
| 010 | _a5-9745-0182-9 | ||
| 010 |
_a978-5-9745-0182-1 _95000 |
||
| 021 |
_aRU _b2007-10073 _9533 |
||
| 035 | _a(NLR Aleph) 001056543 | ||
| 090 |
_a911777 _c911777 |
||
| 100 | _a20070405d2007 |||y0rusy50 ca | ||
| 101 | 0 | _arus | |
| 102 | _aRU | ||
| 105 | _ay ||||||||| | ||
| 200 | 1 |
_aКраткий курс по конституционному праву России _e[учебное пособие] _fИ.Ш. Резепов |
|
| 210 |
_aМосква _cОкей-книга _d2007 |
||
| 215 |
_a157, [1] с. _d17 |
||
| 225 | 1 | _aСкорая помощь студенту. Краткий курс | |
| 300 | _aЗагл. обл.: Конституционное право России: краткий курс | ||
| 300 | _aНа обл. авт. не указан | ||
| 512 | 1 | _aКонституционное право: краткий курс | |
| 606 | 1 |
_aКонституционное право _jУчебные издания _yРоссийская Федерация _92073864 _3RU\NLR\auth\661248813 |
|
| 686 | _aХ620я7 | ||
| 700 | 1 |
_aРезепов _bИ. Ш. _gИльдар Шамильевич _4070 |
|
| 801 | 0 |
_aRU _bNLR _c20070405 _gRCR |
|
| 801 | 1 |
_aRU _bNLR _c20070405 |
|
| 830 | _aавт. по кн. | ||
| 942 | _cBOOK | ||
| 980 | _aNB | ||